LEADER 01001nam--2200349---450- 001 990001504170203316 005 20040315153005.0 035 $a000150417 035 $aUSA01000150417 035 $a(ALEPH)000150417USA01 035 $a000150417 100 $a20040315d1930----km-y0itay0103----ba 101 0 $aita 102 $aIT 105 $a||||||||001yy 200 1 $aMenandro$fVittorio De Falco 210 $aPavia$cRegia Università$d1930 215 $a31 p.$d24 cm 300 $aEstr. da: Athenaeum: studi periodici di letteratura e storia dell'antichità. N.S. A. 8. Fasc. 2. 1930 410 0$12001 454 1$12001 461 1$1001-------$12001 700 1$aDE FALCO,$bVittorio$0163205 801 0$aIT$bsalbc$gISBD 912 $a990001504170203316 951 $aVIII Misc. 1/6$b65991 L.M.$cVIII Misc. 959 $aBK 969 $aUMA 979 $aSIAV4$b10$c20040315$lUSA01$h1530 979 $aPATRY$b90$c20040406$lUSA01$h1745 996 $aMenandro$9934586 997 $aUNISA LEADER 01315nam--2200385---450- 001 990003476340203316 005 20101209144251.0 010 $a88-14-15887-8 035 $a000347634 035 $aUSA01000347634 035 $a(ALEPH)000347634USA01 035 $a000347634 100 $a20101209d2010----km-y0itay50------ba 101 $aita 102 $aIT 105 $a||||||||001yy 200 1 $a<> nuovo ricorso negli appalti pubblici$ecommento organico al decreto legislativo 20 marzo 2010, n. 53...$fa cura di Vittorio Italia$gcontributi di Bassani...[et al.]$gcon introduzione di Stefano Toschei 210 $aMilano$cGiuffrè$d2010 215 $aXXVII, 250 p.$d24 cm 225 2 $a<> nuove leggi amministrative 410 0$12001$a<> nuove leggi amministrative 454 1$12001 461 1$1001-------$12001 606 0 $aAppalti$xContratti amministrativi$xContenzioso$xRicorsi$2BNCF 676 $a344.4506000269 702 1$aITALIA,$bVittorio 801 0$aIT$bsalbc$gISBD 912 $a990003476340203316 951 $aXXIV.3.H. 180$b68192 G.$cXXIV.3.H.$d00284661 959 $aBK 969 $aGIU 979 $aFIORELLA$b90$c20101209$lUSA01$h1439 979 $aFIORELLA$b90$c20101209$lUSA01$h1442 996 $aNuovo ricorso negli appalti pubblici$958250 997 $aUNISA LEADER 03398nam 2200673 450 001 9910525383203321 005 20200520144314.0 010 $a1-60223-224-5 035 $a(CKB)3710000000412001 035 $a(EBL)2046417 035 $a(SSID)ssj0001482060 035 $a(PQKBManifestationID)12627626 035 $a(PQKBTitleCode)TC0001482060 035 $a(PQKBWorkID)11508105 035 $a(PQKB)11489000 035 $a(MiAaPQ)EBC2046417 035 $a(Au-PeEL)EBL2046417 035 $a(CaPaEBR)ebr11054910 035 $a(OCoLC)880401236 035 $a(EXLCZ)993710000000412001 100 $a20150530h20142014 uy 0 101 0 $aeng 135 $aurcnu|||||||| 181 $ctxt 182 $cc 183 $acr 200 10$aHarnessed to the Pole $esledge dogs in service to American explorers of the Arctic, 1853-1909 /$fSheila Nickerson 210 1$aFairbanks, Alaska :$cUniversity of Alaska Press,$d2014. 210 4$d©2014 215 $a1 online resource (329 p.) 300 $aDescription based upon print version of record. 311 $a1-60223-223-7 320 $aIncludes bibliographical references and index. 327 $aContents; 1. Jules Verne; 2. Sir John Franklin; 3. What Was the Greenland Dog?; 4. Sledge or Sled?; 5. Toodla and Whitey; 6. Henry Bergh; 7. Oosisoak and Arkadik; 8. Disease and Diet; 9. Dogs and Driver: The Essential Team; 10. Seeking Companionship: When Dogs Were Not Available; 11. Barbekark; 12. Dogs as Showmen; 13. Wolf, Smarty, Bear, Shoemaker, Tiger; 14. Tommy the Cat and the Lemmings; 15. Bear, Spike, and the Nameless Prisoners; 16. Toekelegeto, Ublubliaq, Miqijuk; 17. The Importance of Naming; 18. Kasmatka, Snoozer, Bingo, Snuffy, Tom, Jack, Wolf; 19. The Polar Bear 327 $a20. Gypsy, Old Sneak, Ritenbenk, Disco King 21. The Nameless; 22. Heart-hungers; 23. Nalegaksoah; 24. Commemoration; Chapter Notes; Bibliography; Index 330 $aIn the second half of the nineteenth century, an epic race was underway in some of the most brutal stretches on the planet. Explorers from around the world hoped to stake their claim on the Arctic, with the North Pole being the ultimate prize. Those with the greatest success found that the fastest way to travel was on four legs-using a team of hardworking sledge dogs.Harnessed to the Pole follows the adventures of eight American explorers and their dog teams, starting with Elisha Kent Kane and ending with Robert Peary, controversial claimant of the title of first to reach the North Pole. While 606 $aSled dogs$zArctic regions$xHistory 606 $aSled dogs$zArctic regions$vBiography 606 $aDogsledding$zArctic regions$xHistory 606 $aSled dogs$zUnited States$vBiography 606 $aExplorers$zUnited States$xHistory 606 $aExplorers$zArctic regions$xHistory 607 $aArctic regions$xDiscovery and exploration$xAmerican 608 $aElectronic books. 615 0$aSled dogs$xHistory. 615 0$aSled dogs 615 0$aDogsledding$xHistory. 615 0$aSled dogs 615 0$aExplorers$xHistory. 615 0$aExplorers$xHistory. 676 $a636.73 700 $aNickerson$b Sheila B.$01183025 801 0$bMiAaPQ 801 1$bMiAaPQ 801 2$bMiAaPQ 906 $aBOOK 912 $a9910525383203321 996 $aHarnessed to the Pole$92744467 997 $aUNINA